000 00885nam a2200229 4500
005 20220927100644.0
008 220927s2021 txua|||gr|||| 00| 0 eng d
020 _a9780934951357
040 _aCO-BoUCM
_bspa
_cDeissy Garcia
_dDeissy Garcia
041 0 _aeng
245 0 0 _aDecolonizing the spatial history of the Americas
260 _aAustin, Texas
_bThe University of Texas at Austin, School of Architecture
_c2021
300 _a166 páginas
_bilustraciones
490 0 _aCenter
_v24
504 _aIncluye referencias bibliográficas
650 7 _922115
_aPostcolonialismo
_zAmérica
650 7 _aArquitectura
_xHistoria
_zAmérica
_9175836
650 7 _921677
_aPlanificación urbana
_xHistoria
_zAmérica
710 2 _aUniversity of Texas at Austin
_bSchool of Architecture
_9175837
942 _2DEWEY
_cLIBRO
_a17
_e1
_h720.97
_mD296
_n0
999 _c321709
_d321709